01822nam a2200469 i 4500001001500000003000900015005001700024007000300041008004100044020001800085040002100103072002700124072007300151080001300224080001300237080002400250080001900274080001900293100003100312245007400343250001800417264002500435300006500460490002500525500001400550500002200564500008900586520030800675650002600983650004201009650003401051650004301085655004301128655001801171655002501189655003601214655003201250655002601282910001101308952001601319999001701335nkc20253720101CZ PrSKC20260512163624.0ta251112s2025 xr a a 000 0 cze  a9788076883826 aBOA001bczeerda 7a656xDoprava2Konspekt 7a0/9-053.2xLiteratura pro děti a mládež (naučná)2Konspekt a6562MRF a6292MRF a(02)004.031.422MRF a(0.025.2)2MRF a(0.053.2)2MRF0 aVhrsti,d1975-4ill92075010aSvět dopravy :binteraktivní mluvicí kniha /cilustrace: Vhrsti a1. vydání 1aPraha :bAlbi,c2025 a18 nečíslovaných stran :bbarevné ilustrace ;c27 cm1 aKouzelné čtení aBez textu aKartonové listy aFunguje pouze s elektronickou Albi tužkou, která není součástí publikace2 aInformace o dopravních prostředcích a strojích, které vídáme ve městě, na letišti, nádraží, poli, stavbě i na vodních plochách či vesmírné a jiné speciální prostředky. Interaktivní obrázková kniha, pro čtení s elektronickou "mluvící" tužkou.07adoprava2czenas9876207adopravní prostředky2czenas9222709atransportation2eczenas9876309ameans of transportation2eczenas92230 7ainteraktivní mluvící knihy99294 7aleporela9906 7apublikace pro děti 9ainteractive talking books99724 9afolding picture-books97353 9achildren's literature aABG508 102udc400 c34272d34272